[Event "High League 2022 men"]
[Site "Obninsk"]
[Date "2022.07.03"]
[Round "7.18"]
[White "Kotenko, Pavel"]
[Black "Obgolts, Erik"]
[Result "1/2-1/2"]
[LiveChessVersion "1.4.7"]
[BlackElo "2435"]
[WhiteElo "2323"]

1. e4 {[%clk 1:30:58]} c5 {[%clk 1:30:42]} 2. Nf3 {[%clk 1:31:23]} e6
{[%clk 1:31:01]} 3. d4 {[%clk 1:31:42]} cxd4 {[%clk 1:31:27]} 4. Nxd4
{[%clk 1:32:06]} Nf6 {[%clk 1:31:52]} 5. Nc3 {[%clk 1:32:25]} Nc6
{[%clk 1:32:18]} 6. Ndb5 {[%clk 1:32:38]} Bc5 {[%clk 1:32:41]} 7. Bf4
{[%clk 1:32:38]} O-O {[%clk 1:33:04]} 8. Bc7 {[%clk 1:32:22]} Qe7
{[%clk 1:33:30]} 9. Bd6 {[%clk 1:32:23]} Bxd6 {[%clk 1:33:55]} 10. Qxd6
{[%clk 1:32:35]} Ne8 {[%clk 1:29:51]} 11. Qxe7 {[%clk 1:32:32]} Nxe7
{[%clk 1:30:17]} 12. O-O-O {[%clk 1:30:08]} f5 {[%clk 1:30:36]} 13. Nd6
{[%clk 1:26:22]} Nxd6 {[%clk 1:27:41]} 14. Rxd6 {[%clk 1:26:45]} fxe4
{[%clk 1:28:01]} 15. Nxe4 {[%clk 1:26:48]} Nf5 {[%clk 1:28:11]} 16. Rd2
{[%clk 1:17:57]} d5 {[%clk 1:24:34]} 17. Ng5 {[%clk 1:11:49]} Bd7
{[%clk 1:23:07]} 18. Nf3 {[%clk 1:04:46]} Rae8 {[%clk 1:09:24]} 19. Ne5
{[%clk 1:02:52]} Bc6 {[%clk 1:09:31]} 20. Bd3 {[%clk 1:00:35]} Nd6
{[%clk 1:09:36]} 21. Re1 {[%clk 0:55:06]} Nf7 {[%clk 1:09:06]} 22. g3
{[%clk 0:37:09]} Nxe5 {[%clk 1:03:07]} 23. Rxe5 {[%clk 0:37:34]} Rf3
{[%clk 1:03:26]} 24. Bf1 {[%clk 0:33:06]} Kf7 {[%clk 0:57:55]} 25. Bg2
{[%clk 0:32:02]} Rf6 {[%clk 0:58:22]} 26. f4 {[%clk 0:31:32]} g6 {[%clk 0:58:37]}
27. c4 {[%clk 0:20:43]} Rc8 {[%clk 0:57:08]} 28. Kd1 {[%clk 0:20:35]} dxc4
{[%clk 0:55:13]} 29. Bxc6 {[%clk 0:20:56]} Rxc6 {[%clk 0:55:41]} 30. Rd7+
{[%clk 0:20:58]} Kg8 {[%clk 0:56:07]} 31. Rxb7 {[%clk 0:20:59]} Rf7
{[%clk 0:55:54]} 32. Rxf7 {[%clk 0:20:37]} Kxf7 {[%clk 0:56:20]} 33. Kc2
{[%clk 0:20:40]} Kf6 {[%clk 0:56:41]} 34. Kc3 {[%clk 0:18:35]} Ra6
{[%clk 0:54:19]} 35. a3 {[%clk 0:18:48]} Rb6 {[%clk 0:54:44]} 36. Re2
{[%clk 0:17:32]} a5 {[%clk 0:55:05]} 37. Kxc4 {[%clk 0:16:40]} a4
{[%clk 0:55:32]} 38. Kc5 {[%clk 0:04:17]} Rb3 {[%clk 0:55:44]} 39. Kd6
{[%clk 0:04:03]} Rd3+ {[%clk 0:56:01]} 40. Kc5 {[%clk 0:34:06]} Rb3
{[%clk 1:26:27]} 41. Kd6 1/2-1/2

[Event "High League 2022 men"]
[Site "Obninsk"]
[Date "2022.07.03"]
[Round "7.19"]
[White "Tsvetkov, Andrey"]
[Black "Shakirov, Marat"]
[Result "1-0"]
[LiveChessVersion "1.4.7"]
[BlackElo "2290"]
[WhiteElo "2398"]

1. d4 {[%clk 1:30:53]} d5 {[%clk 1:30:52]} 2. c4 {[%clk 1:31:19]} e6
{[%clk 1:31:17]} 3. Nf3 {[%clk 1:31:46]} c6 {[%clk 1:31:30]} 4. b3
{[%clk 1:32:13]} Bd6 {[%clk 1:29:13]} 5. g3 {[%clk 1:32:32]} Nf6 {[%clk 1:26:06]}
6. Bg2 {[%clk 1:32:56]} O-O {[%clk 1:26:31]} 7. O-O {[%clk 1:33:18]} b6
{[%clk 1:26:51]} 8. Nc3 {[%clk 1:31:50]} Nbd7 {[%clk 1:25:05]} 9. Qd3
{[%clk 1:31:53]} Bb7 {[%clk 1:23:01]} 10. Rd1 {[%clk 1:29:31]} Rc8
{[%clk 1:22:12]} 11. e4 {[%clk 1:18:59]} dxe4 {[%clk 1:21:15]} 12. Nxe4
{[%clk 1:19:27]} Nxe4 {[%clk 1:21:36]} 13. Qxe4 {[%clk 1:19:56]} Nf6
{[%clk 1:21:57]} 14. Qh4 {[%clk 1:04:40]} Qe7 {[%clk 1:19:49]} 15. Bb2
{[%clk 0:56:05]} Rfd8 {[%clk 1:19:09]} 16. Re1 {[%clk 0:52:02]} Ba3
{[%clk 1:14:28]} 17. Bxa3 {[%clk 0:48:14]} Qxa3 {[%clk 1:14:55]} 18. Ne5
{[%clk 0:48:12]} Ba8 {[%clk 1:11:49]} 19. Bh3 {[%clk 0:36:19]} Rc7
{[%clk 0:58:58]} 20. Rad1 {[%clk 0:32:54]} Qf8 {[%clk 0:57:46]} 21. c5
{[%clk 0:31:49]} Rcc8 {[%clk 0:52:22]} 22. Nxf7 {[%clk 0:21:18]} Kxf7
{[%clk 0:52:46]} 23. Bxe6+ {[%clk 0:21:47]} Kg6 {[%clk 0:53:09]} 24. Qh3
{[%clk 0:21:05]} Rb8 {[%clk 0:49:50]} 25. Re5 {[%clk 0:20:37]} h5
{[%clk 0:50:02]} 26. g4 {[%clk 0:17:45]} hxg4 {[%clk 0:42:24]} 27. Qh4
{[%clk 0:17:38]} Rd5 {[%clk 0:42:21]} 28. Qg5+ {[%clk 0:17:42]} Kh7
{[%clk 0:42:44]} 29. Qh4+ {[%clk 0:18:11]} Kg6 {[%clk 0:43:09]} 30. f4
{[%clk 0:17:45]} Rxe5 {[%clk 0:37:20]} 31. dxe5 {[%clk 0:17:46]} 1-0

[Event "High League 2022 men"]
[Site "Obninsk"]
[Date "2022.07.03"]
[Round "7.20"]
[White "Goltsev, Dmitry"]
[Black "Shoboev, Dandar"]
[Result "1-0"]
[LiveChessVersion "1.4.7"]
[BlackElo "2244"]
[WhiteElo "2294"]

1. e4 {[%clk 1:30:37]} e5 {[%clk 1:30:55]} 2. Nf3 {[%clk 1:31:01]} Nc6
{[%clk 1:31:05]} 3. Bb5 {[%clk 1:31:24]} a6 {[%clk 1:31:16]} 4. Ba4
{[%clk 1:31:50]} Nf6 {[%clk 1:31:42]} 5. O-O {[%clk 1:32:14]} Be7
{[%clk 1:32:10]} 6. Re1 {[%clk 1:32:40]} b5 {[%clk 1:32:36]} 7. Bb3
{[%clk 1:33:07]} d6 {[%clk 1:33:03]} 8. c3 {[%clk 1:33:33]} O-O {[%clk 1:33:30]}
9. h3 {[%clk 1:33:59]} Nb8 {[%clk 1:33:57]} 10. d4 {[%clk 1:34:25]} Nbd7
{[%clk 1:34:24]} 11. Nbd2 {[%clk 1:34:36]} c5 {[%clk 1:34:49]} 12. d5
{[%clk 1:34:55]} c4 {[%clk 1:35:15]} 13. Bc2 {[%clk 1:35:23]} Nc5
{[%clk 1:35:13]} 14. Nf1 {[%clk 1:35:40]} Re8 {[%clk 1:35:32]} 15. Ng3
{[%clk 1:35:07]} Qc7 {[%clk 1:35:18]} 16. Be3 {[%clk 1:34:39]} Bf8
{[%clk 1:34:55]} 17. Qd2 {[%clk 1:33:05]} a5 {[%clk 1:32:38]} 18. Nh4
{[%clk 1:30:45]} g6 {[%clk 1:31:34]} 19. f4 {[%clk 1:29:32]} exf4
{[%clk 1:29:50]} 20. Bxf4 {[%clk 1:29:37]} Nfd7 {[%clk 1:29:48]} 21. Nf3
{[%clk 1:28:06]} Bg7 {[%clk 1:22:33]} 22. Bh6 {[%clk 1:11:50]} Ne5
{[%clk 1:17:32]} 23. Nd4 {[%clk 1:10:40]} Qe7 {[%clk 1:11:01]} 24. Bxg7
{[%clk 0:59:54]} Kxg7 {[%clk 1:11:26]} 25. Rf1 {[%clk 1:00:16]} Bd7
{[%clk 1:04:59]} 26. Rf4 {[%clk 0:58:26]} Ned3 {[%clk 0:59:25]} 27. Bxd3
{[%clk 0:58:38]} Nxd3 {[%clk 0:59:53]} 28. Rf3 {[%clk 0:58:50]} Ne5
{[%clk 0:55:29]} 29. Rf4 {[%clk 0:59:13]} h5 {[%clk 0:55:00]} 30. Raf1
{[%clk 0:55:38]} h4 {[%clk 0:52:10]} 31. Nge2 {[%clk 0:54:47]} Rf8
{[%clk 0:50:24]} 32. Nf3 {[%clk 0:54:21]} Nxf3+ {[%clk 0:46:37]} 33. R1xf3
{[%clk 0:47:04]} Rae8 {[%clk 0:30:05]} 34. Nd4 {[%clk 0:43:53]} g5
{[%clk 0:21:36]} 35. Rf6 {[%clk 0:32:54]} Qxf6 {[%clk 0:20:31]} 36. Rxf6
{[%clk 0:33:19]} Kxf6 {[%clk 0:21:00]} 37. Nf3 {[%clk 0:33:47]} Rg8
{[%clk 0:17:34]} 38. Qd4+ {[%clk 0:34:13]} Ke7 {[%clk 0:17:56]} 39. e5
{[%clk 0:32:53]} Rg6 {[%clk 0:11:00]} 40. Qa7 {[%clk 0:55:38]} Rc8
{[%clk 0:34:17]} 41. Qe3 {[%clk 0:49:54]} Kf8 {[%clk 0:26:36]} 42. exd6
{[%clk 0:47:11]} Rxd6 {[%clk 0:24:06]} 43. Qe5 {[%clk 0:46:54]} Rg6
{[%clk 0:21:42]} 44. Nxg5 {[%clk 0:47:11]} Re8 {[%clk 0:19:24]} 45. Qh8+
{[%clk 0:47:30]} Ke7 {[%clk 0:19:26]} 46. Qe5+ {[%clk 0:47:36]} Kf8
{[%clk 0:19:50]} 47. Nh7+ {[%clk 0:48:00]} 1-0

[Event "High League 2022 men"]
[Site "Obninsk"]
[Date "2022.07.03"]
[Round "7.21"]
[White "Abrekov, Mussa"]
[Black "Ekdyshman, Mikhail"]
[Result "0-1"]
[LiveChessVersion "1.4.7"]
[BlackElo "2307"]
[WhiteElo "2133"]

1. c4 {[%clk 1:30:06]} e5 {[%clk 1:30:45]} 2. Nc3 {[%clk 1:30:17]} Nf6
{[%clk 1:31:07]} 3. g3 {[%clk 1:30:22]} d5 {[%clk 1:31:32]} 4. cxd5
{[%clk 1:30:44]} Nxd5 {[%clk 1:32:00]} 5. Bg2 {[%clk 1:31:05]} Nb6
{[%clk 1:32:17]} 6. Nf3 {[%clk 1:31:19]} Nc6 {[%clk 1:32:43]} 7. O-O
{[%clk 1:31:28]} Be7 {[%clk 1:33:08]} 8. d3 {[%clk 1:31:50]} O-O {[%clk 1:33:32]}
9. a3 {[%clk 1:32:05]} Re8 {[%clk 1:33:46]} 10. Be3 {[%clk 1:30:07]} Bf8
{[%clk 1:33:39]} 11. d4 {[%clk 1:29:53]} Nc4 {[%clk 1:31:46]} 12. d5
{[%clk 1:28:45]} Nxe3 {[%clk 1:31:57]} 13. fxe3 {[%clk 1:29:12]} Nb8
{[%clk 1:32:10]} 14. e4 {[%clk 1:28:47]} Nd7 {[%clk 1:29:43]} 15. Rc1
{[%clk 1:28:16]} Nf6 {[%clk 1:29:32]} 16. h3 c6 {[%clk 1:24:12]} 17. Qb3
{[%clk 1:23:16]} cxd5 {[%clk 1:22:07]} 18. exd5 {[%clk 1:22:48]} e4
{[%clk 1:20:57]} 19. Ng5 {[%clk 1:20:31]} Bc5+ {[%clk 1:17:49]} 20. Kh1
{[%clk 1:19:31]} Be3 {[%clk 1:17:55]} 21. Ngxe4 {[%clk 1:18:20]} Nxe4
{[%clk 1:17:59]} 22. Nxe4 {[%clk 1:17:32]} Bxc1 {[%clk 1:18:20]} 23. Rxc1
{[%clk 1:17:34]} Bxh3 {[%clk 1:18:04]} 24. Bxh3 {[%clk 1:16:48]} Rxe4
{[%clk 1:18:27]} 25. Qd3 {[%clk 1:12:30]} Qg5 {[%clk 1:15:44]} 26. Rc3
{[%clk 1:05:14]} Re5 {[%clk 1:09:41]} 27. e4 {[%clk 0:59:18]} Rd8
{[%clk 1:06:02]} 28. Kg2 {[%clk 0:53:53]} Qg6 {[%clk 1:05:56]} 29. Bf5
{[%clk 0:50:27]} Qd6 {[%clk 1:05:59]} 30. Bc8 {[%clk 0:46:31]} g6
{[%clk 1:00:27]} 31. Bxb7 {[%clk 0:44:00]} Qe7 {[%clk 1:00:39]} 32. Bc6
{[%clk 0:44:02]} h5 {[%clk 0:50:45]} 33. Rb3 {[%clk 0:39:00]} Rxe4
{[%clk 0:47:54]} 34. d6 {[%clk 0:37:00]} Re2+ {[%clk 0:48:17]} 0-1

[Event "High League 2022 men"]
[Site "Obninsk"]
[Date "2022.07.04"]
[Round "8.1"]
[White "Sjugirov, Sanan"]
[Black "Sviridov, Valery"]
[Result "1-0"]
[LiveChessVersion "1.4.7"]
[BlackElo "2571"]
[WhiteElo "2696"]

1. e4 {[%clk 1:27:22]} e5 {[%clk 1:30:36]} 2. Nf3 {[%clk 1:27:38]} Nc6
{[%clk 1:30:49]} 3. Bb5 {[%clk 1:27:52]} f5 {[%clk 1:29:51]} 4. d3
{[%clk 1:26:29]} fxe4 {[%clk 1:30:10]} 5. dxe4 {[%clk 1:26:53]} Nf6
{[%clk 1:30:32]} 6. O-O {[%clk 1:26:38]} d6 {[%clk 1:30:47]} 7. Bc4
{[%clk 1:23:25]} Bg4 {[%clk 1:30:41]} 8. h3 {[%clk 1:23:23]} Bh5 {[%clk 1:31:00]}
9. Nc3 {[%clk 1:23:19]} Qd7 {[%clk 1:31:09]} 10. Nd5 {[%clk 1:22:18]} Bg6
{[%clk 1:17:49]} 11. Re1 {[%clk 1:04:11]} Be7 {[%clk 1:10:01]} 12. Nh4
{[%clk 0:49:56]} Bf7 {[%clk 1:08:17]} 13. Nf5 {[%clk 0:49:05]} O-O
{[%clk 1:05:09]} 14. Bh6 {[%clk 0:34:53]} gxh6 {[%clk 0:52:24]} 15. Nfxe7+
{[%clk 0:32:27]} Kh8 {[%clk 0:52:48]} 16. Nxc6 {[%clk 0:28:08]} Qxc6
{[%clk 0:52:42]} 17. Nxf6 {[%clk 0:18:45]} Qxc4 {[%clk 0:47:41]} 18. b3
{[%clk 0:16:39]} Qe6 {[%clk 0:44:45]} 19. Nd5 {[%clk 0:16:54]} Qd7
{[%clk 0:44:47]} 20. Re3 {[%clk 0:15:58]} Bxd5 {[%clk 0:42:58]} 21. Qxd5
{[%clk 0:15:54]} b6 {[%clk 0:41:47]} 22. Rd1 {[%clk 0:15:11]} Qe7
{[%clk 0:40:57]} 23. Rdd3 {[%clk 0:13:48]} a5 {[%clk 0:38:32]} 24. Rf3
{[%clk 0:12:41]} h5 {[%clk 0:36:01]} 25. Rc3 {[%clk 0:11:11]} Rab8
{[%clk 0:29:18]} 26. Qc4 {[%clk 0:08:50]} c5 {[%clk 0:25:31]} 27. Qd5
{[%clk 0:08:36]} h4 {[%clk 0:24:45]} 28. a4 {[%clk 0:04:11]} Rbd8
{[%clk 0:17:48]} 29. Rcd3 {[%clk 0:04:11]} Qg5 {[%clk 0:10:52]} 30. Rxf8+
{[%clk 0:03:45]} Rxf8 {[%clk 0:11:17]} 31. Qxd6 {[%clk 0:03:52]} Rg8
{[%clk 0:11:42]} 32. g3 {[%clk 0:02:04]} hxg3 {[%clk 0:12:07]} 33. fxg3
{[%clk 0:01:49]} Qf4 {[%clk 0:12:30]} 34. Kg2 {[%clk 0:01:10]} Qxe4+
{[%clk 0:12:51]} 35. Rf3 {[%clk 0:01:31]} Qxc2+ {[%clk 0:10:34]} 36. Rf2
{[%clk 0:01:39]} Qe4+ {[%clk 0:08:18]} 37. Kh2 {[%clk 0:02:05]} Qd4
{[%clk 0:08:34]} 38. Qf6+ {[%clk 0:02:23]} Rg7 {[%clk 0:08:58]} 39. Qf8+
{[%clk 0:01:52]} Rg8 {[%clk 0:09:22]} 40. Qf6+ {[%clk 0:32:20]} Rg7
{[%clk 0:39:45]} 41. Re2 {[%clk 0:25:10]} e4 {[%clk 0:19:09]} 42. Qf4
{[%clk 0:24:05]} e3 {[%clk 0:17:34]} 43. Qf3 {[%clk 0:23:28]} Rg6
{[%clk 0:12:42]} 44. Rxe3 {[%clk 0:21:37]} Rf6 {[%clk 0:13:03]} 45. Qe2
{[%clk 0:21:31]} Rf8 {[%clk 0:13:17]} 46. h4 {[%clk 0:20:14]} Qf6
{[%clk 0:12:30]} 47. Kg2 {[%clk 0:17:19]} Qc6+ {[%clk 0:12:48]} 48. Kg1
{[%clk 0:17:36]} Qg6 {[%clk 0:13:12]} 49. Rd3 {[%clk 0:17:07]} Qf6
{[%clk 0:13:23]} 50. Kg2 {[%clk 0:10:33]} Qc6+ {[%clk 0:13:36]} 51. Kh2
{[%clk 0:10:57]} Qf6 {[%clk 0:14:02]} 52. Rd2 {[%clk 0:10:59]} Qc3
{[%clk 0:14:17]} 53. Qd1 {[%clk 0:11:00]} Qf3 {[%clk 0:13:21]} 54. Qc2
{[%clk 0:11:00]} Qf6 {[%clk 0:13:01]} 55. Qe4 {[%clk 0:10:50]} Qc3
{[%clk 0:12:38]} 56. Rd7 {[%clk 0:09:20]} 1-0

[Event "High League 2022 men"]
[Site "Obninsk"]
[Date "2022.07.04"]
[Round "8.2"]
[White "Sychev, Klementy"]
[Black "Artemiev, Vladislav"]
[Result "1/2-1/2"]
[LiveChessVersion "1.4.7"]
[BlackElo "2697"]
[WhiteElo "2534"]

1. e4 {[%clk 1:30:57]} e5 {[%clk 1:30:37]} 2. Nf3 {[%clk 1:31:21]} Nc6
{[%clk 1:30:52]} 3. Bb5 {[%clk 1:31:46]} a6 {[%clk 1:30:56]} 4. Ba4
{[%clk 1:32:11]} Nf6 {[%clk 1:31:09]} 5. O-O {[%clk 1:32:35]} Be7
{[%clk 1:31:09]} 6. Re1 {[%clk 1:32:58]} b5 {[%clk 1:30:58]} 7. Bb3
{[%clk 1:33:23]} O-O {[%clk 1:31:05]} 8. c3 {[%clk 1:33:48]} d6 {[%clk 1:29:11]}
9. h3 {[%clk 1:34:09]} Re8 {[%clk 1:22:27]} 10. d4 {[%clk 1:33:11]} Bb7
{[%clk 1:21:45]} 11. Ng5 {[%clk 1:33:01]} Rf8 {[%clk 1:20:42]} 12. Nf3
{[%clk 1:32:35]} Re8 {[%clk 1:18:59]} 13. Nbd2 {[%clk 1:31:02]} Bf8
{[%clk 1:16:40]} 14. a4 {[%clk 1:31:11]} Na5 {[%clk 1:04:06]} 15. Bc2
{[%clk 1:21:56]} c5 {[%clk 0:56:37]} 16. d5 {[%clk 1:19:19]} c4 {[%clk 0:56:56]}
17. b4 {[%clk 1:17:57]} cxb3 {[%clk 0:56:54]} 18. Nxb3 {[%clk 1:18:22]} Nxb3
{[%clk 0:50:50]} 19. Bxb3 {[%clk 1:18:19]} Qc7 {[%clk 0:48:13]} 20. Bd2
{[%clk 1:07:14]} Reb8 {[%clk 0:28:28]} 21. Qe2 {[%clk 0:37:13]} bxa4
{[%clk 0:20:04]} 22. Bxa4 {[%clk 0:36:43]} Bc8 {[%clk 0:20:01]} 23. Bc6
{[%clk 0:35:13]} Bb7 {[%clk 0:20:24]} 24. Ba4 {[%clk 0:33:13]} Bc8
{[%clk 0:20:10]} 25. Bc6 {[%clk 0:31:31]} Bb7 {[%clk 0:19:54]} 1/2-1/2

[Event "High League 2022 men"]
[Site "Obninsk"]
[Date "2022.07.04"]
[Round "8.3"]
[White "Afanasiev, Nikita"]
[Black "Chigaev, Maksim"]
[Result "1/2-1/2"]
[LiveChessVersion "1.4.7"]
[BlackElo "2631"]
[WhiteElo "2583"]

1. c4 {[%clk 1:27:17]} e5 {[%clk 1:30:51]} 2. Nc3 {[%clk 1:27:36]} Nc6
{[%clk 1:31:11]} 3. e3 {[%clk 1:27:11]} g6 {[%clk 1:30:33]} 4. d4
{[%clk 1:27:01]} d6 {[%clk 1:30:50]} 5. Nge2 {[%clk 1:19:46]} Bg7
{[%clk 1:30:40]} 6. d5 {[%clk 1:18:22]} Nce7 {[%clk 1:29:04]} 7. e4
{[%clk 1:18:17]} f5 {[%clk 1:28:15]} 8. exf5 {[%clk 1:17:09]} Nxf5
{[%clk 1:17:40]} 9. Ng3 {[%clk 1:15:46]} Ngh6 {[%clk 1:16:19]} 10. Nge4
{[%clk 1:15:03]} Nf7 {[%clk 1:13:35]} 11. Bd3 {[%clk 1:09:21]} O-O
{[%clk 1:12:23]} 12. O-O {[%clk 1:09:34]} b6 {[%clk 1:09:30]} 13. a3
{[%clk 1:07:42]} a5 {[%clk 1:07:43]} 14. Rb1 {[%clk 1:05:27]} Bh6
{[%clk 1:03:58]} 15. b4 {[%clk 1:03:01]} axb4 {[%clk 1:00:41]} 16. axb4
{[%clk 1:02:59]} Nd4 {[%clk 1:00:03]} 17. Be3 {[%clk 0:56:44]} Bd7
{[%clk 0:36:50]} 18. Ra1 {[%clk 0:50:10]} Rxa1 {[%clk 0:33:03]} 19. Qxa1
{[%clk 0:50:34]} Bf5 {[%clk 0:26:00]} 20. Qd1 {[%clk 0:40:28]} Qe7
{[%clk 0:23:29]} 21. Re1 {[%clk 0:34:17]} Bxe3 {[%clk 0:21:55]} 22. fxe3
{[%clk 0:33:18]} Bxe4 {[%clk 0:22:23]} 23. Nxe4 {[%clk 0:27:25]} 1/2-1/2

[Event "High League 2022 men"]
[Site "Obninsk"]
[Date "2022.07.04"]
[Round "8.4"]
[White "Kokarev, Dmitry"]
[Black "Shubin, Kirill"]
[Result "1/2-1/2"]
[LiveChessVersion "1.4.7"]
[BlackElo "2475"]
[WhiteElo "2582"]

1. e4 {[%clk 1:30:55]} c5 {[%clk 1:30:56]} 2. Nf3 {[%clk 1:31:15]} Nc6
{[%clk 1:31:21]} 3. d4 {[%clk 1:31:35]} cxd4 {[%clk 1:31:48]} 4. Nxd4
{[%clk 1:31:57]} Nf6 {[%clk 1:32:16]} 5. Nc3 {[%clk 1:32:13]} d6 {[%clk 1:32:41]}
6. Bg5 {[%clk 1:32:31]} e6 {[%clk 1:33:01]} 7. Qd2 {[%clk 1:32:40]} a6
{[%clk 1:33:24]} 8. O-O-O {[%clk 1:32:57]} Bd7 {[%clk 1:33:47]} 9. f4
{[%clk 1:33:01]} Be7 {[%clk 1:33:58]} 10. Nf3 {[%clk 1:33:01]} b5
{[%clk 1:34:18]} 11. Bxf6 {[%clk 1:33:17]} gxf6 {[%clk 1:34:41]} 12. f5
{[%clk 1:32:54]} Qb6 {[%clk 1:33:14]} 13. Qh6 {[%clk 1:31:06]} O-O-O
{[%clk 1:29:23]} 14. Kb1 {[%clk 1:29:12]} Kb8 {[%clk 1:25:58]} 15. Bd3
{[%clk 1:28:54]} Rc8 {[%clk 1:12:39]} 16. Rhe1 {[%clk 1:24:00]} b4
{[%clk 1:07:33]} 17. Ne2 {[%clk 1:18:26]} a5 {[%clk 0:59:58]} 18. Qg7
{[%clk 1:07:07]} h5 {[%clk 0:56:09]} 19. fxe6 {[%clk 0:50:54]} Bxe6
{[%clk 0:51:18]} 20. Nf4 {[%clk 0:51:13]} Rcg8 {[%clk 0:47:08]} 21. Nxe6
{[%clk 0:51:34]} Rxg7 {[%clk 0:47:28]} 22. Nxg7 {[%clk 0:51:58]} Rg8
{[%clk 0:46:34]} 23. Nxh5 {[%clk 0:50:42]} Rxg2 {[%clk 0:46:58]} 24. Nf4
{[%clk 0:47:32]} Rf2 {[%clk 0:46:14]} 25. Rf1 {[%clk 0:42:15]} Rxf1
{[%clk 0:45:33]} 26. Rxf1 {[%clk 0:42:39]} a4 {[%clk 0:45:30]} 27. h4
{[%clk 0:34:28]} a3 {[%clk 0:38:55]} 28. h5 {[%clk 0:33:42]} Bf8 {[%clk 0:33:30]}
29. Nd5 {[%clk 0:33:28]} Qa7 {[%clk 0:29:54]} 30. Bb5 {[%clk 0:30:24]} Ne7
{[%clk 0:28:39]} 31. Nxb4 {[%clk 0:18:25]} Qb7 {[%clk 0:27:35]} 32. Nd4
{[%clk 0:17:49]} Qxe4 {[%clk 0:27:50]} 33. Ndc6+ {[%clk 0:13:58]} Nxc6
{[%clk 0:27:39]} 34. Nxc6+ {[%clk 0:14:11]} Kc7 {[%clk 0:27:36]} 35. bxa3
{[%clk 0:14:29]} d5 {[%clk 0:25:11]} 36. Nb4 {[%clk 0:13:28]} Bxb4
{[%clk 0:22:57]} 1/2-1/2

[Event "High League 2022 men"]
[Site "Obninsk"]
[Date "2022.07.04"]
[Round "8.5"]
[White "Nesterov, Arseniy"]
[Black "Iljiushenok, Ilia"]
[Result "1/2-1/2"]
[LiveChessVersion "1.4.7"]
[BlackElo "2540"]
[WhiteElo "2566"]

1. d4 {[%clk 1:30:57]} Nf6 {[%clk 1:30:36]} 2. c4 {[%clk 1:31:20]} e6
{[%clk 1:30:58]} 3. Nf3 {[%clk 1:31:44]} d5 {[%clk 1:31:23]} 4. Nc3
{[%clk 1:32:10]} c5 {[%clk 1:31:47]} 5. cxd5 {[%clk 1:32:23]} cxd4
{[%clk 1:32:13]} 6. Qxd4 {[%clk 1:31:52]} exd5 {[%clk 1:32:38]} 7. e4
{[%clk 1:31:31]} dxe4 {[%clk 1:32:50]} 8. Qxd8+ {[%clk 1:31:55]} Kxd8
{[%clk 1:33:18]} 9. Ng5 {[%clk 1:32:15]} Be6 {[%clk 1:33:43]} 10. Nxe6+
{[%clk 1:32:40]} fxe6 {[%clk 1:34:09]} 11. Bg5 {[%clk 1:32:10]} Nc6
{[%clk 1:34:11]} 12. O-O-O+ {[%clk 1:27:58]} Ke8 {[%clk 1:34:34]} 13. Bxf6
{[%clk 1:10:14]} gxf6 {[%clk 1:35:00]} 14. Bc4 {[%clk 1:10:18]} Ke7
{[%clk 1:01:40]} 15. Nxe4 {[%clk 1:10:20]} Na5 {[%clk 0:48:53]} 16. Bb5
{[%clk 1:02:22]} Bh6+ {[%clk 0:49:08]} 17. Kb1 {[%clk 1:02:47]} Rhd8
{[%clk 0:49:32]} 18. Rhe1 {[%clk 0:54:58]} a6 {[%clk 0:47:21]} 19. Ba4
{[%clk 0:40:39]} Nc4 {[%clk 0:24:11]} 20. Nc5 {[%clk 0:20:37]} Rxd1+
{[%clk 0:24:34]} 21. Bxd1 {[%clk 0:19:59]} e5 {[%clk 0:24:13]} 22. Bg4
{[%clk 0:17:00]} b6 {[%clk 0:23:02]} 23. Na4 {[%clk 0:14:55]} Rd8
{[%clk 0:19:26]} 24. b3 {[%clk 0:12:52]} Nd2+ {[%clk 0:15:20]} 25. Kc2
{[%clk 0:11:43]} Rd4 {[%clk 0:12:26]} 26. f3 {[%clk 0:11:39]} b5 {[%clk 0:11:00]}
27. Nc3 {[%clk 0:10:51]} Rd6 {[%clk 0:09:55]} 28. Bf5 {[%clk 0:09:37]} b4
{[%clk 0:07:41]} 29. Na4 {[%clk 0:09:34]} Rc6+ {[%clk 0:07:19]} 30. Kd3
{[%clk 0:09:51]} Bf4 {[%clk 0:01:27]} 31. Rd1 {[%clk 0:09:45]} h5
{[%clk 0:01:38]} 32. Ke2 {[%clk 0:09:06]} e4 {[%clk 0:01:51]} 33. Rxd2
{[%clk 0:08:52]} exf3+ {[%clk 0:02:16]} 34. gxf3 {[%clk 0:09:18]} Bxd2
{[%clk 0:02:44]} 35. Kxd2 {[%clk 0:09:45]} Kd6 {[%clk 0:02:57]} 36. Nb2
{[%clk 0:08:06]} Rc7 {[%clk 0:03:23]} 37. Nc4+ {[%clk 0:05:51]} Kc5
{[%clk 0:03:34]} 38. Kd3 {[%clk 0:05:59]} Rg7 {[%clk 0:03:03]} 39. Nd2
{[%clk 0:06:16]} Rg2 {[%clk 0:02:54]} 40. h3 {[%clk 0:36:40]} Kd5
{[%clk 0:32:22]} 41. Ke3 {[%clk 0:34:07]} a5 {[%clk 0:27:54]} 42. f4
{[%clk 0:31:06]} Rh2 {[%clk 0:26:24]} 43. Kd3 {[%clk 0:16:21]} Kc6
{[%clk 0:16:37]} 44. Ne4 {[%clk 0:13:12]} Rxa2 {[%clk 0:16:07]} 45. Nxf6
{[%clk 0:13:07]} Rf2 {[%clk 0:16:25]} 46. Ke3 {[%clk 0:10:06]} Rb2
{[%clk 0:15:51]} 47. Bd7+ {[%clk 0:09:17]} Kc7 {[%clk 0:11:26]} 48. Ba4
{[%clk 0:03:35]} Rh2 {[%clk 0:11:31]} 49. Kf3 {[%clk 0:01:49]} Rxh3+
{[%clk 0:11:34]} 50. Kg2 {[%clk 0:02:03]} Rh4 {[%clk 0:11:50]} 51. f5
{[%clk 0:01:48]} Kd6 {[%clk 0:11:52]} 52. Kg3 {[%clk 0:01:50]} Rh1
{[%clk 0:12:12]} 53. Nh7 {[%clk 0:01:15]} Ke7 {[%clk 0:08:42]} 54. f6+
{[%clk 0:01:04]} Kf7 {[%clk 0:09:09]} 55. Bb5 {[%clk 0:01:24]} Rc1
{[%clk 0:09:12]} 56. Kf4 {[%clk 0:00:37]} h4 {[%clk 0:08:08]} 57. Bd7
{[%clk 0:00:35]} Rf1+ {[%clk 0:03:39]} 58. Kg5 {[%clk 0:00:50]} Rg1+
{[%clk 0:03:02]} 59. Kf5 {[%clk 0:00:49]} Rf1+ {[%clk 0:03:24]} 60. Kg5
{[%clk 0:00:53]} Rg1+ {[%clk 0:03:50]} 61. Kf4 {[%clk 0:01:17]} Rf1+
{[%clk 0:04:01]} 62. Kg5 {[%clk 0:00:43]} 1/2-1/2